000 00760cam7a220024100 4500
001 lce00252845
008 770909s1978 tnua b 001 0 eng
010 _a 77013630 //r81
020 _a0870492357
035 _a(Sirsi) r53969
035 _a(DLC) 77013630 //r81
035 _a(UPRA)lce00252845
050 0 _aQL752
_b.T36
082 0 _a591.52/48
_219
100 1 _aTanner, James Taylor.
_6A12730.1
245 1 0 _aGuide to the study of animal populations /
_cJames T. Tanner.
260 _aKnoxville :
_bUniversity of Tennessee Press,
_cc1978.
500 _aIncludes index.
504 _aBibliography: p. [173]-181.
650 0 _aAnimal populations.
_6S6950.1
949 _aQL752
_wlcc
_i33729000340955
_mMAIN
_p2500
_tBOOK
_lON-SHELF
004 53969
999 _c138135
_d138135